| 000 | 01122nam a2200337Ia 4500 | ||
|---|---|---|---|
| 003 | OSt | ||
| 005 | 20220912144702.0 | ||
| 006 | a|||||r|||| 00| 0 | ||
| 007 | ta | ||
| 008 | 220909b |||||||| |||| 00| 0 eng d | ||
| 020 | _a9780470631829 (pbk) | ||
| 020 | _aSL01560565 | ||
| 024 | _a189159 | ||
| 037 | _b2201, 06/12/2013, Ashutosh Technical Books | ||
| 037 | _cTextual | ||
| 040 |
_aCSL _beng _cCSL |
||
| 041 | _aeng | ||
| 082 | _aB28:(9S), Q2 | ||
| 100 | _aMartin William E; Bridgmon Krista D | ||
| 245 | 0 | _aQuantitative and statistical research methods: from hypothesis to results | |
| 260 |
_aSan _bFrancisco Jossy Bass _c2012 |
||
| 300 | _axviii,476p. ill. | ||
| 500 | _aReferences 461-464p.; Index 465-476p. | ||
| 650 | _a Analysis of covariance | ||
| 650 | _a Introduction to IBM SPSS | ||
| 650 | _a Randomized factorial experimental | ||
| 650 | _aHypothesis testing process | ||
| 700 | _aMartin William E; Bridgmon Krista D | ||
| 942 |
_hB28:(9S), Q2 _cTEXL _2CC |
||
| 999 |
_c15756 _d15756 |
||